<?xml version="1.0" encoding="UTF-8"?>
<collection xmlns:xsi="http://www.w3.org/2001/XMLSchema-instance" xsi:schemaLocation="http://www.loc.gov/MARC21/slim http://www.loc.gov/standards/marcxml/schema/MARC21slim.xsd" xmlns="http://www.loc.gov/MARC21/slim">
 <record>
  <leader>00000ctm a22000003a 4500</leader>
  <controlfield tag="001">UP-99796217610411316</controlfield>
  <controlfield tag="003">Buklod</controlfield>
  <controlfield tag="005">20120712114030.0</controlfield>
  <controlfield tag="006">m    |o  d |      </controlfield>
  <controlfield tag="007">ta</controlfield>
  <controlfield tag="008">120712s1963    xx     d     r    |||| u|</controlfield>
  <datafield tag="035" ind1=" " ind2=" ">
   <subfield code="a">(iLib)UPD-00187104746</subfield>
  </datafield>
  <datafield tag="040" ind1=" " ind2=" ">
   <subfield code="a">DENG</subfield>
  </datafield>
  <datafield tag="041" ind1=" " ind2=" ">
   <subfield code="a">eng</subfield>
  </datafield>
  <datafield tag="090" ind1=" " ind2=" ">
   <subfield code="a">LG 993 1963 E62</subfield>
   <subfield code="b">R67</subfield>
  </datafield>
  <datafield tag="100" ind1="1" ind2=" ">
   <subfield code="a">Roque, Arturo C.</subfield>
  </datafield>
  <datafield tag="245" ind1="1" ind2="2">
   <subfield code="a">Hydrochloric acid plant design</subfield>
   <subfield code="c">Arturo C. Roque, Abraham R. Pulumbarit, Mario R. Manio.</subfield>
  </datafield>
  <datafield tag="264" ind1=" " ind2="1">
   <subfield code="a">Diliman, Quezon City</subfield>
   <subfield code="b">College of Engineering</subfield>
   <subfield code="c">1963.</subfield>
  </datafield>
  <datafield tag="300" ind1=" " ind2=" ">
   <subfield code="a">133 leaves</subfield>
   <subfield code="b">ill.</subfield>
  </datafield>
  <datafield tag="500" ind1=" " ind2=" ">
   <subfield code="a">Plant design.</subfield>
  </datafield>
  <datafield tag="500" ind1=" " ind2=" ">
   <subfield code="a">Typescript</subfield>
  </datafield>
  <datafield tag="500" ind1=" " ind2=" ">
   <subfield code="a">Submitted in partial fulfillment of the requirements in ChE 62 Chemical Engineering Plant Design</subfield>
  </datafield>
  <datafield tag="506" ind1=" " ind2=" ">
   <subfield code="a">Access exclusively for UP ChE students. Written permission required from the department head for NON-ChE and NON-UP students or researchers</subfield>
  </datafield>
  <datafield tag="520" ind1=" " ind2=" ">
   <subfield code="a">This design is about the production of Hydrochloric acid from common salt. The process is really quite simple. The first step is the purification of salt. Then, the purified salt is broken up into sodium metal, a by-product of the process, and chlorine gas. The chlorine gas obtained is then reached with hydrogen gas forming the acid as a gas. The acid gas is further purified, packed in cylinders and finally shipped. The plant has maximum capacity of 1,815,000 pounds of anhydrous hydrochloric acid annually or 6050 pounds daily. Operation is continuous, 24 hours a day, 6 days a week. Salt consumption amounts to 9650 pounds daily. Aside from salt, other raw materials are sodium carbonate, calcium hydroxide and barium chloride. Equipments will have to be imported mainly from U.S.A. Some are available locally. Some are fabricated on site. Heat exchangers are used. We will have a boiler of our own for steam generation as well as two water reservoirs. All equipments and other accessories like pumps and pipes have been specified. Capital investment amounts to P7,091,924 broken up as follows : Fixed capital - P1,178,576, Working capital P594,403 Annual sales amount to P4,149,304. Break even point at 30.1 percent. Shut down point at 8.8 percent of level of production. Percent return on investment is 20 percent. To maintain this percentage, the level of production should be at least 86 percent. Payout time is 3.33 years. Annual maximum profit is P1,772,684. Selling price of HCl is P2.00 per pound of anhydrous acid. Market survey shows favorable trend for HCl. It has a good future in this country. There is practically no competition as far as we can see because no major plant is producing HCl in large scale although there is one or two which are producing HCl as a by-product. Finally, we conclude that it is quite possible and profitable to establish this plant here.</subfield>
  </datafield>
  <datafield tag="650" ind1=" " ind2="0">
   <subfield code="a">Factories--Design and construction.</subfield>
  </datafield>
  <datafield tag="650" ind1=" " ind2="0">
   <subfield code="a">Chemical plants.</subfield>
  </datafield>
  <datafield tag="650" ind1=" " ind2="0">
   <subfield code="a">Hydrochloric acid.</subfield>
  </datafield>
  <datafield tag="650" ind1=" " ind2="0">
   <subfield code="a">Salts.</subfield>
  </datafield>
  <datafield tag="658" ind1=" " ind2=" ">
   <subfield code="a">ChE 62.</subfield>
  </datafield>
  <datafield tag="700" ind1="1" ind2=" ">
   <subfield code="a">Pulumbarit, Abraham R.</subfield>
  </datafield>
  <datafield tag="700" ind1="1" ind2=" ">
   <subfield code="a">Manio, Mario R.</subfield>
  </datafield>
  <datafield tag="905" ind1=" " ind2=" ">
   <subfield code="a">FI</subfield>
  </datafield>
  <datafield tag="905" ind1=" " ind2=" ">
   <subfield code="a">UP</subfield>
  </datafield>
  <datafield tag="950" ind1=" " ind2=" ">
   <subfield code="a">Paper</subfield>
  </datafield>
  <datafield tag="852" ind1="0" ind2=" ">
   <subfield code="a">UPD</subfield>
   <subfield code="b">DENG-II</subfield>
   <subfield code="h">LG 993 1963 E62</subfield>
   <subfield code="i">R67</subfield>
  </datafield>
  <datafield tag="942" ind1=" " ind2=" ">
   <subfield code="a">Thesis</subfield>
  </datafield>
 </record>
</collection>
